| 000 | 01123nam a2200337 4500 | ||
|---|---|---|---|
| 003 | MX-MxINE | ||
| 005 | 20260530113911.0 | ||
| 008 | 260422b1990 mx a|||| |||| 00| 0 spa d | ||
| 020 | _a9681818989 | ||
| 040 |
_aICI _bspa _cICI _erda |
||
| 041 |
_aspa _heng |
||
| 050 |
_aTS1446 _b H6218 |
||
| 100 |
_a Hollen, Norma _eautor _933383 |
||
| 240 |
_a Textiles _l Español |
||
| 245 |
_a Introducción a los textiles _cNorma Hollen, Jane Saddler, Anna L. Langford ; versión española María Cristina Sangines Franchini |
||
| 250 | _aPrimera edición | ||
| 264 | 1 |
_a México _b Editorial Limusa, _c1987 |
|
| 300 |
_a 359 páginas _b ilustraciones |
||
| 336 |
_2rdacontent _atexto |
||
| 337 |
_2rdamedia _asin medio |
||
| 338 |
_2rdacarrier _avolumen |
||
| 500 | _a Reimpresiones: (2014) | ||
| 650 | 4 |
_aIndustria textil _933384 |
|
| 650 | 4 |
_aTelas _925185 |
|
| 650 | 4 |
_a Fibras textiles _933385 |
|
| 700 |
_a Suddler, Jane _e autor _933386 |
||
| 700 |
_aLangford, Anna L. _e autor _933387 |
||
| 700 |
_a Sanguines Franchini, Maria Cristina _etraductor _933388 |
||
| 700 | 1 |
_aHollen, Norma. _933389 |
|
| 942 |
_2ddc _n0 _cBK |
||
| 999 |
_c12127 _d12127 |
||